Statistiques concernant Paroles - C'est moi Bomberman

Cliquez ici pour prendre le quiz!

Statistiques générales

  • Ce quiz a été pris 29 fois
  • Le résultat moyen est 73 sur 211

Statistiques - réponses

Paroles% Correct
C’
85%
c’
85%
l’
81%
moi
81%
Bomberman
77%
es
77%
est
73%
t’
73%
le
65%
Le
65%
a
58%
à
58%
j’
58%
la
58%
n’
50%
N’
50%
de
46%
Et
46%
et
46%
je
46%
Je
46%
suis
38%
Hey
35%
Les
35%
les
35%
des
31%
mes
31%
plus
31%
pour
31%
Un
31%
mon
27%
Mon
27%
que
27%
qui
27%
tu
27%
en
23%
En
23%
nous
23%
On
23%
si
23%
du
19%
fort
19%
Gen
19%
tous
19%
as
15%
déplaise
15%
mal
15%
or
15%
pas
15%
puissant
15%
adore
12%
avant
12%
Avant
12%
Avec
12%
sur
12%
tort
12%
toute
12%
veux
12%
Wario
12%
Battle
8%
bien
8%
boîte
8%
bombes
8%
cool
8%
demain
8%
était
8%
fin
8%
gameplay
8%
luxe
8%
maison
8%
mode
8%
mort
8%
nation
8%
personnages
8%
potes
8%
rétrogaming
8%
Royale
8%
save
8%
states
8%
Surtout
8%
trop
8%
vaux
8%
voir
8%
clic
4%
coule
4%
droit
4%
empêche
4%
émulateur
4%
finir
4%
fixe
4%
flouze
4%
loose
4%
mieux
4%
Next
4%
Parfois
4%
PC
4%
pose
4%
pouf
4%
pratique
4%
Pratique
4%
Quand
4%
tranquille
4%
vanter
4%

Distribution des résultats

Percentile par nombre de réponses

% des personnes avec chaque résultat

Votre développement - résultats

Vous n’avez pas pris ce quiz